000 01206nam a2200361 a 4500
001 25502
003 CO-ViMGA
005 20230915232101.0
006 Mimo0000458492
008 141112s2004 ck r 000 u spa d
016 _abimoBNE19950333560 SpMaBN
017 _aB 27108 - 1995 Oficina Depósito Legal Barcelona
020 _a8441301042
035 _a(OCoLC)433588806
040 _aCO-ViMGA
_bspa
_cCO-ViMGA
041 _aspa
_beng
080 _a658.012.63
082 0 4 _a658.85 M17c
100 1 _aMartin, David M.
_938943
240 _aManipulating meetings Español
245 1 0 _aCómo atender a los clientes exigentes :
_bcómo gestionar y organizar un departamento de reclamaciones \ David M. Martin
260 _aBarcelona Folio D.L. 1995
300 _a223 p. 24 cm
490 _aBiblioteca de desarrollo directivo 29
500 _aíndice
594 _aTraducción de : Manipulating meetings
650 1 4 _aVentas
926 _aBNMADRID SG_RECOLET 7/34528 FONDO_MODE 1
927 _aBNALCALA
942 _2ddc
_cBK
956 _a1 2
980 _a017. B 27108 - 1995 020. 84 - 413 - 0092 - 5 852. 40 M - BN BNMADRID MO02337999 7/34528 7/34527 7/213990 SG_RECOLET
999 _c33086
_d33086